مكتبة الطالب العلمية في الكيمياء : الروابط الكيميائية - التركيب الذري - حالات المادة - القوى الكيميائية ... / (رقم التسجيلة. 13720)

تفاصيل مارك
000 -LEADER
fixed length control field 00715nam a22001817a 4500
005 - DATE AND TIME OF LATEST TRANSACTION
control field 20251108164748.0
008 - FIXED-LENGTH DATA ELEMENTS--GENERAL INFORMATION
fixed length control field 250721s2009 xx 000 0 ara d
082 14 - DEWEY DECIMAL CLASSIFICATION NUMBER
Classification number 540.7/سلا
100 1# - MAIN ENTRY--PERSONAL NAME
Personal name سلامة، ميرفانا ياسر
Relator term مؤلف
245 10 - TITLE STATEMENT
Title مكتبة الطالب العلمية في الكيمياء : الروابط الكيميائية - التركيب الذري - حالات المادة - القوى الكيميائية ... /
264 1# - PRODUCTION, PUBLICATION, DISTRIBUTION, MANUFACTURE, AND COPYRIGHT NOTICE
Place of production, publication, distribution, manufacture عمان :
Name of producer, publisher, distributor, manufacturer دار عالم الثقافة،
Date of production, publication, distribution, manufacture, or copyright notice 2009.
300 ## - PHYSICAL DESCRIPTION
Extent 144ص.
490 0# - SERIES STATEMENT
Series statement مكتبة الطالب العلمية في
650 17 - SUBJECT ADDED ENTRY--TOPICAL TERM
Topical term or geographic name as entry element العلوم الطبيعيه
650 17 - SUBJECT ADDED ENTRY--TOPICAL TERM
Topical term or geographic name as entry element الكيمياا
942 ## - ADDED ENTRY ELEMENTS (KOHA)
Source of classification or shelving scheme Dewey Decimal Classification
Koha item type كتب
المقتنيات
حالة السحب حالة الفقدان مصدر التصنيف حالة التلف غير قابل للإعارة المكتبة الرئيسية المكتبة الحالية موقع الرف تاريخ التزويد الرقم المتسلسل Total Checkouts رقم الإستدعاء الباركود تاريخ آخر ظهور تاريخ الفاتورة نوع المادة (كوها)
    Dewey Decimal Classification     مكتبة ومركز فرح مكتبة ومركز فرح الإعارة 06/05/2009 1287090   540.7/سلا PLD00086718 28/07/2025 06/05/2009 كتب
Implemented & Customized by: BBB with SCIT (Smart Chains for Information Technology)

Powered by Koha